000 00810cam a22002534a 4500
001 12656944
005 20180125072500.0
008 020125s2003 njua b 001 0 eng
010 _a 2002020225
020 _a0130661910 (alk. paper)
040 _aDLC
_cDLC
_dDLC
041 _aeng
042 _apcc
043 _an-us---
080 _a65/.835.00973 rob
082 0 0 _a65/.835.00973 rob
_221
100 1 _a62
101 _akon
245 1 0 _aGovernmental and non-profit accounting :
_cRobert J. Freeman, Craig D. Shoulders.
504 _aIncludes bibliographical references and index.
906 _a7
_bcbc
_corignew
_d1
_eocip
_f20
_gy-gencatlg
942 _2ddc
_cBK
999 _c40939
_d40939